书目信息 |
| 题名: |
袜酷部落
|
|
| 作者: | 鹿萌 , 于帆 主编 | |
| 分册: | ||
| 出版信息: | 北京 北京理工大学出版社 2009.01 |
|
| 页数: | 116页 | |
| 开本: | 23×20cm | |
| 丛书名: | 时尚俏佳人 | |
| 单 册: | ||
| 中图分类: | TS976.4 | |
| 科图分类: | ||
| 主题词: | 袜饰--wa shi--服饰美学 | |
| 电子资源: | ||
| ISBN: | 978-7-5640-1887-0 | |
| 000 | 00879nam 2200265 450 | |
| 001 | 012009500340 | |
| 005 | 20090430090238.10 | |
| 010 | @a978-7-5640-1887-0@dCNY26.80 | |
| 100 | @a20090430d2009 em y0chi0120 ea | |
| 101 | 0 | @achi |
| 102 | @aCN@b110000 | |
| 105 | @aa z 000yy | |
| 106 | @ar | |
| 200 | 1 | @a袜酷部落@Awa ku bu luo@f于帆, 鹿萌主编@Fyu fan,lu meng zhu bian |
| 210 | @a北京@c北京理工大学出版社@d2009.01 | |
| 215 | @a116页@c图@d23×20cm | |
| 225 | 2 | @a时尚俏佳人@Ashi shang qiao jia ren |
| 330 | @a本书主要内容包括:袜子巧搭配:“亮”出自己的美,袜子样式搭配:花样袜子花样生活,袜子材质与服饰的搭配:时尚与舒适的选择等。 | |
| 410 | 0 | @12001 @a时尚俏佳人 |
| 606 | 0 | @a袜饰@Awa shi@x服饰美学 |
| 690 | @aTS976.4@v4 | |
| 701 | 0 | @a鹿萌@Alu meng@4主编 |
| 701 | 0 | @a于帆@Ayu fan@4主编 |
| 801 | 0 | @aCN@bQSSK@c20090430 |
| 905 | @b741222-24@dTS976.4@eL871@f3 | |
| 袜酷部落/于帆, 鹿萌主编.-北京:北京理工大学出版社,2009.01 |
| 116页:图;23×20cm.-(时尚俏佳人) |
| ISBN 978-7-5640-1887-0:CNY26.80 |
| 本书主要内容包括:袜子巧搭配:“亮”出自己的美,袜子样式搭配:花样袜子花样生活,袜子材质与服饰的搭配:时尚与舒适的选择等。 |
| ● |
| 相关链接 |
|
|
|
正题名:袜酷部落
索取号:TS976.4/L871
 
预约/预借
| 序号 | 登录号 | 条形码 | 馆藏地/架位号 | 状态 | 备注 |
| 1 | 741222 | 207412227 | 自科库501/501自科库 47排1列3层/ [索取号:TS976.4/L871] | 在馆 | |
| 2 | 741223 | 207412236 | 自科库501/501自科库 47排1列3层/ [索取号:TS976.4/L871] | 在馆 | |
| 3 | 741224 | 207412245 | 自科库501/501自科库 47排1列3层/ [索取号:TS976.4/L871] | 在馆 |